000 02209nam0a2200421 4500
001 RU\NLR\BIBL_A\012552084
005 20220126163829.0
010 _a978-5-93916-851-9
_9300
021 _aRU
_bКН-П-21-008572
_9КН-П-21-0677
035 _a(NLR Aleph) 012552084
035 _a(RuMoRGB)010574082
090 _a12433318
_c12433318
100 _a20210624d2020 k y0rusy50 ca
101 0 _arus
102 _aRU
105 _aabchzzzz0||zy
181 0 _ai3
_baxxe
182 0 _an
200 1 _aВоенный трибунал Ленинградского фронта: в лицах, событиях и документах
_fН.А. Петухов, Ю.М. Кунцевич
_gФедеральное государственное бюджетное образовательное учреждение высшего образования Российский государственный университет правосудия
203 _aТекст
_bвизуальный
_cнепосредственный
210 _aМосква
_cРГУП
_d2020
215 _a510, [2] с.
_cил., цв. ил., карт., портр., факс.
_d26
225 1 _aPro memoria
300 _aНа обороте тит. с. 1-й авт.: д.ю.н., проф., ген.-полк. юстиции, засл. юрист Рос. Федерации Н.А. Петухов
300 _aНа обл.: За нашу Победу: 75 лет
320 _aБиблигр. в подстроч. примеч. и в тексте
601 0 2 _aЛенинградский фронт
_c1941 - 1945
_bВоенный трибунал
_jДокументы и материалы
_2nlr_sh2
_3RU\NLR\AUTH\6601652792
686 1 _aЦ4,6(2)277г
686 1 _aЦ35(2)722-441.3
700 1 _aПетухов
_bН. А.
_f1938-
_gНиколай Александрович
701 1 _aКунцевич
_bЮ. М.
_gЮрий Мирославович
712 0 2 _aЛенинградский фронт
_c1941-1945
_bВоенный трибунал
_3RU\NLR\AUTH\880496451
_4570
942 _cBOOK
980 _aNBR
980 _aNB